All Italian Premier League Players - Statistics

General Stats
  • This quiz has been taken 85 times
  • The average score is 7 of 9
Answer Stats
Club Pos Former Club Answer % Correct
Arsenal MID Chelsea Jorginho
98%
Liverpool ATT Juventus Federico Chiesa
91%
Arsenal DEF Bologna Riccardo Calafiori
89%
Spurs GK Empoli Guglielmo Vicario
86%
Newcastle MID Milan Sandro Tonali
86%
Spurs DEF Udinese Destiny Udogie
81%
West Ham DEF Chelsea Emerson
70%
Chelsea MID Youth Cesare Casadei
69%
Leicester City DEF Atalanta Caleb Okoli
41%
No matching quizzes found
Score Distribution
Percent of People with Each Score
Percentile by Number Answered
Your Score History
You have not taken this quiz